|
|
|
|
| LEADER |
00000cam a2200000 7i4500 |
| 001 |
0000002455 |
| 005 |
20030623.0 |
| 020 |
0 |
0 |
|a 1899825886
|
| 090 |
0 |
0 |
|a 333.7515
|b MAY 2001
|
| 100 |
1 |
0 |
|a MAYERS
|h James
|
| 245 |
1 |
0 |
|a Raising the stakes :
|b impacts of privatization, certification and partnerships in South African forestry
|c James Mayer, Jeremy Evans, Tim Foy
|
| 260 |
0 |
0 |
|a London :
|b International Institute for Environment and Development ,
|c 2001
|
| 300 |
|
|
|a x, 138 p. :
|b ill. ;
|c 24 cm.
|
| 440 |
0 |
0 |
|a Instruments for sustainable private sector forestry
|
| 500 |
0 |
0 |
|a Bibliography : p. 127-138
|
| 650 |
0 |
0 |
|a Forest management
|z South Africa
|
| 650 |
0 |
0 |
|a Privatization
|z South Afica
|
| 650 |
0 |
0 |
|a Sustainable forestry
|z South Africa
|
| 700 |
0 |
1 |
|a Evans
|h Jeremy
|
| 700 |
0 |
1 |
|a Foy
|h Tim
|
| 998 |
|
|
|a JPSM
|
| 999 |
|
|
|a 0000004338
|b Monograph
|c Open Shelf
|e Default branch
|